Pokrízové vyhliadky a budúce smerovania realitného trhu bakalárska práca
Na minha lista:
| Autor principal: | |
|---|---|
| Autor Corporativo: | |
| Outros Autores: | |
| Formato: | Livro |
| Idioma: | eslovaco |
| Publicado em: |
Bratislava
2011
|
| Tags: |
Sem tags, seja o primeiro a adicionar uma tag!
|
MARC
| LEADER | 00000nam a2200000 4500 | ||
|---|---|---|---|
| 001 | 0150915 | ||
| 005 | 20240320072123.4 | ||
| 041 | 0 | |a slo | |
| 044 | |a SK | ||
| 245 | 1 | 0 | |a Pokrízové vyhliadky a budúce smerovania realitného trhu |b bakalárska práca |c Dana Kostovčíková ; školiteľ: Róbert Thomas |
| 264 | 1 | |a Bratislava |c 2011 | |
| 300 | |a 50 s. | ||
| 100 | 1 | |a Kostovčíková, Dana | |
| 700 | 1 | |a Thomas, Róbert | |
| 710 | 2 | |a Obchodná fakulta EU. Katedra medzinárodného obchodu | |